000 01096nam a2200313 u 4500
999 _c67301
_d67301
001 67301
003 Mx-PuUPA
005 20200721123425.0
008 170509s1987 sp r 000 0 spa d
020 _a9788449322754
040 _erda
_aMx-PuUPA
_bspa
_cMx-PuUPA
_dMx-PuUPA
041 0 _aspa
100 1 _aBarthes, Roland,
_d1915-1980
_eautor
240 1 0 _aLe bruissement de la langue,
_lEspañol
245 1 3 _aEl susurro del lenguaje :
_bmás allá de la palabra y de la escritura /
_cRoland Barthes ; traducción de C. Fernández Medrano.
250 _aPrimera edición
264 1 _aEspaña :
_bPaidós,
_c1987
300 _a428 páginas ;
_c21 cm.
336 _atexto
_2rdacontent
_btxt
337 _asin medio
_2rdamedia
_bn
338 _avolumen
_2rdacarrier
_bnc
490 0 _aBiblioteca Roland Barthes
_v3
650 4 _aLingüistica
650 4 _aLenguaje y lenguas
_xSemiótica
700 1 _aFernández Medrano, C.
_etraductor
942 _2ddc
_cLI
_h410
_iBAR